Normal view MARC view
  • Principe, Jesus Deogracias Z.,

Entry Personal Name

Number of records used in: 5

001 - CONTROL NUMBER

  • control field: 4662

003 - CONTROL NUMBER IDENTIFIER

  • control field: URS

005 - DATE AND TIME OF LATEST TRANSACTION

  • control field: 20230518153306.0

008 - FIXED-LENGTH DATA ELEMENTS

  • fixed length control field: 230518|| aca||aabn | a|a d

040 ## - CATALOGING SOURCE

  • Original cataloging agency: URS

100 ## - HEADING--PERSONAL NAME

  • Personal name: Principe, Jesus Deogracias Z.,
  • Relator term: author.

University of Rizal System
Email us at univlibservices@urs.edu.ph

Visit our Website www.urs.edu.ph/library